The capital order (Registro nro. 326244)

Detalles MARC
000 -ENCABEZADO
Número de control [NR] 01335nam a22002657a 4500
005 - FECHA Y HORA DE LA ÚLTIMA TRANSACCIÓN
control field 20260413123438.0
008 - DE LONGITUD FIJA DE DATOS DE ELEMENTOS - INFORMACIÓN GENERAL
Elementos de longitud fija [NR] 260413t2022 |||||||| |||| 00| 0 eng d
020 ## - NUMERO INTERNACIONAL NORMALIZADO PARA LIBROS [R]
Número Internacional Normalizado del libro [NR] 9780226836744
040 ## - FUENTE DE CATALOGACION [NR]
Agencia de catalogación original [NR] CO-BoUCM
Idioma de catalogación [NR] spa
Quien Cataloga Sandra Palacio
Quien Clasifica Sandra Palacio
041 ## - CODIGO DE IDIOMA [R]
Código de idioma para texto/pista de sonido o título separado [R] Inglés
100 ## - ASIENTO PRINCIPAL--NOMBRE PERSONAL [NR]
Nombre personal [NR] Mattei, Clara E.
ID Autoridad 188586
245 14 - MENCION DE TITULO [NR]
Título [NR] The capital order
Parte restante del título [NR] how economists invented austerity and paved the way to fascism
Mención de responsabilidad, etc. [NR] Clara E. Mattei
260 ## - PUBLICACION, DISTRIBUCION, ETC. (PIE DE IMPRENTA) [R]
Lugar de publicación, distribución, etc. [R] Chicago
Nombre del editor, distribuidor, etc. [R] University of Chicago Press
Fecha de publicación, distribución, etc. [R] 2024
300 ## - DESCRIPCION FISICA [R]
Extensión [R] 452 páginas
500 ## - NOTA GENERAL [R]
Nota general [NR] Publicado originalmente en 2022. La impresión actual indica fecha de marzo de 2026.
504 ## - NOTA DE BIBLIOGRAFIA, ETC. [R]
Nota de bibliografía, etc. [NR] Incluye referencias bibliográficas e índices
520 3# - NOTA DE RESUMEN, ETC. [R]
Nota de sumario, etc. [NR] Un análisis crítico sobre cómo la austeridad económica fue concebida como un mecanismo de defensa del capital contra la movilización laboral después de la Gran Guerra, analizando los casos de Gran Bretaña e Italia y su conexión con los regímenes autoritarios.
650 4# - ASIENTO SECUNDARIO DE MATERIA - TERMINO TEMATICO [R]
Término temático o nombre geográfico como elemento de entrada [NR] Capitalismo
Subdivisión general [R] Historia
Subdivisión cronológica [R] Siglo XX
9 (RLIN) 188587
650 4# - ASIENTO SECUNDARIO DE MATERIA - TERMINO TEMATICO [R]
Término temático o nombre geográfico como elemento de entrada [NR] Política económica
9 (RLIN) 21972
650 4# - ASIENTO SECUNDARIO DE MATERIA - TERMINO TEMATICO [R]
Término temático o nombre geográfico como elemento de entrada [NR] Fascismo
Subdivisión general [R] Historia
Subdivisión geográfica [R] Italia
9 (RLIN) 188588
651 #4 - ASIENTO SECUNDARIO DE MATERIA - NOMBRE GEOGRAFICO [R]
Nombre geográfico [NR] Gran Bretaña
Subdivisión general [R] Condiciones económicas
Subdivisión cronológica [R] 1918-1945
9 (RLIN) 188589
651 #4 - ASIENTO SECUNDARIO DE MATERIA - NOMBRE GEOGRAFICO [R]
Nombre geográfico [NR] Italia
Subdivisión general [R] Condiciones económicas
Subdivisión cronológica [R] 1918-1945
9 (RLIN) 188590
942 ## - ELEMENTOS DE ENTRADA AGREGADOS (KOHA)
Sistema de clasificación DEWEY
Tema principal Economía
Tipo de ítem principal el descrito en 300a Libro
Edición 1
Clasificación 330.122
Parte restante de la signatura top. M435
Existencias
Fecha de último préstamo Total préstamos Signatura topográfica Código de barras Última vez visto Ejemplar Price effective from Tipo de ítem Perdido Sistema de clasificación Dañado No prestable Tipo de ítem específico Suprimido Ubicación habitual Ubicación actual Localización Fecha de creación Forma de adquisición Costo
16/04/2026 3 330.122 M435 100175072 11/05/2026 Ej.1 13/04/2026 Libro   DEWEY     Libro   Claustro Claustro Mezanine 13/04/2026 Compra 117960.00